000 00560nam a2200241 a 4500
001 nice12345678
003 IN_TiNIC
005 20260116012103.0
008 050524s1959 lona grp 000 0 eng
020 _a
_c100
082 0 0 _a241.3
_bPET
100 _aPetit, Francois
245 _aProblem of Eveil
260 _aLondon
_bBurns and Oates
_c1959
300 _a142p
500 _aincludes index and biblioraphy
505 2 _aIndex
650 _aSin-Christianity
700 1 _aPetit, Francois
902 _bSRS
942 _cBK
999 _c5585
_d5585